七つの大罪と新しい七つの大罪 - Statistics

General Stats
  • This quiz has been taken 51 times
  • The average score is 6 of 14
Answer Stats
Answer % Correct
怠惰
93%
色欲
91%
憤怒
82%
傲慢
78%
強欲
76%
嫉妬
73%
暴食
71%
遺伝子改造
4%
人体実験
4%
環境汚染
4%
鼻持ちならないほど金持ちになること
4%
社会的不公正
2%
人を貧乏にさせること
2%
麻薬中毒
2%
No matching quizzes found
Score Distribution
Percent of People with Each Score
Percentile by Number Answered
Your Score History
You have not taken this quiz